Obálka Náhled e-knihy:
PDF
Pro půjčování e-knih musíte být přihlášeni.
Jak si půjčit online?

Sesterstvo a kouzelná kočka Fabiola /

Příběh tří kamarádek, Ely, Báry a Míši, kterým se společně s kouzelnou kočkou Fabiolou podaří vyřešit dávnou záhadu z minulosti.

Uloženo v:
Série:Sesterstvo, část 1
Hlavní autor: Hlavinková, Lucie, 1974- (Autor)
Další autoři: Mila, 1976- (Autor)
Médium: E-kniha
Jazyk:Czech
Vydáno: V Praze : Albatros, 2019
Vydání:1. vydání
Témata:
Příbuzné jednotky:Z cyklu:: Sesterstvo
Tagy:
Žádné tagy
LEADER 02475cam a2200457 i 4500
001 311083
003 CZ PrSKC
005 20260601215659.0
007 ta
008 190911s2019 xr a b 000 j cze d
015 |a cnb003131517 
020 |a 9788000055992  |q (vázáno) :  |c Kč 249,00 
035 |a (OCoLC)1127257025 
040 |a CBA001  |b cze  |d ABG001  |d ABA001  |e rda 
072 7 |a 821.162.3-3  |x Česká próza  |2 Konspekt 
072 7 |a 821-93  |x Literatura pro děti a mládež (beletrie)  |2 Konspekt 
080 |a 821.162.3-32  |2 MRF 
080 |a 821-93  |2 MRF 
080 |a (0:82-32)  |2 MRF 
100 1 |a Hlavinková, Lucie,  |d 1974-  |7 xx0212699  |4 aut 
245 1 0 |a Sesterstvo a kouzelná kočka Fabiola /  |c Lucie Hlavinková ; ilustrovala Mila 
250 |a 1. vydání 
264 1 |a V Praze :  |b Albatros,  |c 2019 
300 |a 119 stran :  |b barevné ilustrace ;  |c 21 cm 
336 |a text  |b txt  |2 rdacontent 
337 |a bez média  |b n  |2 rdamedia 
338 |a svazek  |b nc  |2 rdacarrier 
520 2 |a Příběh tří kamarádek, Ely, Báry a Míši, kterým se společně s kouzelnou kočkou Fabiolou podaří vyřešit dávnou záhadu z minulosti.  |b Ela, která se musí s rodiči přestěhovat, nachází díky kočce Fabiole nové dvě kamarádky. Fabioly majitelka, osamělá stará paní Ládvíková, se s děvčaty sblíží a vypráví jim svůj příběh. Po nálezu starých dopisů, jež psal před mnoha lety ctitel paní Ládvíkové, se dozvídají o podivném zmizení dávné lásky ještě více. Fabiola je přímo navádí, aby záhadu paní Ládvíkové vyřešily. Minulost změnit nemohou, ale podaří se jim zjistit více o přítomnosti a tajemství odhalit. 
521 8 |a Pro čtenáře od 8 let 
655 7 |a české příběhy  |7 fd133973  |2 czenas 
655 7 |a publikace pro děti  |7 fd133156  |2 czenas 
655 9 |a Czech stories  |2 eczenas 
655 9 |a children's literature  |2 eczenas 
700 0 |a Mila,  |d 1976-  |7 jo2016935031  |4 ill 
787 0 8 |i Z cyklu:  |t Sesterstvo  |g 1 
900 |a ABA001  |b 21 
928 9 |a Albatros Media - Albatros 
044 |a xr 
910 |a RBIT002 
998 |d 201385  |a https://core.palmknihy.cz/api/books/201385/cover?px17yl  |b https://core.palmknihy.cz/api/books/201385/cover/400?px17yl  |c https://core.palmknihy.cz/api/books/201385/cover/50?px17yl  |e 2031-12-31  |g 120  |i 9788000055992  |k https://core.palmknihy.cz/api/books/201385/preview.pdf  |l   |q 49  |r 1  |s https://www.palmknihy.cz/kniha/201385  |t ebook  |y 2019  |z 0  |v Sesterstvo  |w 1 
999 |d 311081